Szülésre felkészítés hatékonyságának vizsgálata az első gyermeküket nevelő édesanyák körében

Elmentve itt :
Bibliográfiai részletek
Szerző: Hosvári Dorina
További közreműködők: Simon Katalin (Témavezető)
Dokumentumtípus: Szakdolgozat
Megjelent: 2018
Tárgyszavak:
Online Access:http://diploma.bibl.u-szeged.hu/94264
LEADER 00793nta a2200193 i 4500
001 dipl94264
005 20201118075239.0
008 201118s2018 hu om 0|| zxx d
040 |a SZTE Diploma Repozitórium  |b hun 
041 |a zxx 
100 1 |a Hosvári Dorina 
245 1 0 |a Szülésre felkészítés hatékonyságának vizsgálata az első gyermeküket nevelő édesanyák körében  |h [elektronikus dokumentum] /  |c Dorina Hosvári 
246 1 0 |a Examining the efficiency of giving birth to the one-child mothers  |h [elektronikus dokumentum] 
260 |c 2018 
650 4 |a Orvos- és egészségtudományok 
650 4 |a Medical and health sciences 
650 4 |a Health sciences 
700 1 |a Simon Katalin  |e ths 
856 4 0 |u http://diploma.bibl.u-szeged.hu/id/eprint/94264/1/2018_2417.pdf  |z Dokumentum-elérés